| 000 | 03448nam a2200301 a 4500 | ||
|---|---|---|---|
| 003 | OSt | ||
| 005 | 20251106132746.0 | ||
| 007 | cr ||||||a|c|a | ||
| 008 | 230526s2020 mx ||||fom||| 001 0 s d | ||
| 040 | _erda | ||
| 100 | 1 |
_9187229 _aRomero Díaz, Claudio |
|
| 245 | 1 | 0 |
_aSistemas agroforestales de café y su relación con aves insectívoras de dos estratos verticales en un bosque mesófilo de montaña / _cPor Claudio Romero Díaz; director de tesis Rosa María García Núñez |
| 264 | 1 |
_aChapingo, México : _bEl autor, _c2020. |
|
| 300 |
_a1 recurso en línea (126 páginas): _bCuadros figuras y tablas. |
||
| 336 |
_2rdacontent _atexto _btxt |
||
| 337 |
_2rdamedia _acomputadora _bc |
||
| 338 |
_2rdacarrier _arecurso en línea _bcr |
||
| 502 |
_bMCADS _cSuelos _d2020 _gMAE |
||
| 504 | _aIncluye referencias bibliográficas: páginas 13-18, 67-72. | ||
| 520 | _aCon el objetivo de determinar el papel de los sistemas agroforestales de café en el sostenimiento trófico de aves insectívoras de los estratos verticales, bajo y medio de un Bosque Mesófilo de Montaña (BMM), de agosto (2018) a enero (2019) se llevó acabo el seguimiento de variables mediante muestreo sistemático, empleando recuento en puntos conradio fijo, búsqueda intensiva, captura con redes de niebla, corte-sacudida de ramas, líneas de canfield y cuadros empotrados. Los resultados son presentados en cuatro capítulos: Diversidad y uso de hábitat por aves insectívoras de sistemas agroforestales en BMM; Comportamiento trófico de aves insectívoras en sistemas agroforestales inmersos en BMM; Ecología trófica de aves insectívoras en sistemas agroforestales y bosque mesófilo; y Vegetación y estructura del hábitat que determina la dieta de aves insectívoras en sistemas agroforestales. Para el primer capítulo se aplicó índice de abundancia relativa (IAR), riqueza (Jacknife1); similitud (Jaccard), diversidad (Shannon-Wiener), kruskal-wallis, X2 y análisis de componentes principales (ACP). En el segundo se desarrolló frecuencia de observación (FO), IAR, regresión poisson (ARP), ACP, kruskal-wallis y X2. Para el tercero se efectuó FO, IAR, Jacknife1, Jaccard, Shannon-Wiener, kruskal-wallis, X2, ARP y correspondencia canónica (ACC). En el cuarto se determinó FO, IAR, kruskal-wallis, X2, ARP y ACC. Se destaca la importancia de los sistemas agroforestales como nicho de oportunidad en donde la avifauna encuentra alimento y refugio que coadyuvan a su conservación. Se evidencia una coexistencia simpátrica sin competencia por recurso ni técnica de cacería empleada exhibiendo simpatría trófica entre la avifauna registrada. La vegetación y estructura del hábitat son factores determinantes en la abundancia de aves, disponen del stock alimenticio que coadyuva a la conservación y equilibrio ecológico de los sistemas agroforestales. Se recomienda mejoramiento del hábitat que disponga de estratos verticales y horizontales estimulando la disponibilidad de nichos de utilización para este grupo taxonómico. | ||
| 650 | 4 |
_9133357 _aCafé _xSistemas agroforestales |
|
| 650 | 4 |
_9187245 _aAves _xIdentificación _zVeracruz |
|
| 650 | 4 |
_98611 _aAves _xHábitos y conducta |
|
| 650 | 4 |
_98610 _aAves _xHábitos alimenticios |
|
| 700 | 1 |
_946382 _aGarcía Núñez, Rosa María _edirector. |
|
| 856 |
_uhttp://10.13.5.2/tesis/tm/Romero_Diaz_Claudio.pdf _zDESCARGAR PDF |
||
| 942 |
_2Clasificación Universidad Autónoma Chapingo _cTD |
||
| 999 |
_c218843 _d218843 |
||